00410nam a2200157 a 450000100060000000300090000600800410001502000150005604000280007108200090009924500270010826000620013530000070019749000250020465000230022913769CO-ViMGA141112s2004 ck r 000 u spa d a9586152731 aCO-ViMGAbspacCO-ViMGA aCABb10aEl caballero de bronce aSantafé de Bogotá; Educar Cultural Recreativa, c1999 a24 aCuentos para soñar14aCUENTOS INFANTILES